000 00634nam a2200205Ia 4500
003 OSt
005 20240914113953.0
008 210210b2001 xxu||||| |||| 00| 0 eng d
040 _cAL
041 _aKannada
082 _a398.2K VIVB
100 _aVIVEKA RAI (B A).
_9142787
_dವಿವೇಕ ರೈ (ಬಿ ಎ)
245 _aBhutaradhaneya bannagarike.
_bಭೂತಾರಾಧನೆಯ ಬಣ್ಣಗಾರಿಕೆ
260 _aMangalagangotri
_bShri Dharmasthala Manjunatheshvara Tulupitha
_c2001
300 _a192
650 _aBhuta Aradhane
_9142788
690 _aFolklore
_9142789
906 _a056936
942 _2ddc
_cBK
999 _c104656
_d104656